000 00584nam a2200229Ia 4500
003 OSt
005 20220928112638.0
006 a|||||r|||| 00| 0
007 ta
008 220927b |||||||| |||| 00| 0 eng d
024 _a47037
037 _cTextual
040 _aSDCL
_cSDCL
_beng
041 _2eng
_aeng
082 _aO152,1N07x, L4
100 _aVarma Mahadevi
245 0 _aParikrama.
260 _aAllhabad
_bSahitya Bhavan
_c1974
300 _aO152,1N07x
_ccm.
942 _hO152,1N07x, L4
_cTEXL
_2CC
999 _c745559
_d745559